000 00486nam a2200181Ia 4500
005 20250326123803.0
008 250326s9999 xx 000 0 und d
037 _aTextbook
040 _aFMSL
_beng
_cFMSL
041 _aeng
_2eng
084 _aS:3 K6
_qFMSL
100 _aLaing R D
245 0 _aInterpersonal perception
_cLaing R D; Phillipson H And Others
260 _aNY
_bNY, Tavistock
_c1966
300 _a179p
942 _cTB
_hS:3 K6
999 _c1270955
_d1270955